000 00939nam a22002657a 4500
005 20150715152332.0
010 _aENG-113114
020 _a9789351501374
_c900.00
035 _aEN-96646
037 _bDBAD/PUB
082 _a333.7932
100 _aMaithani, P.C.
245 _aAchieving universal energy access in India :
_cby P.C. Maithani [and] Deepak Gupta
_bchallenges and the way forward /
260 _aNew Delhi
_bSAGE Publications
_c2015
270 _aB1/I-1 Mohan Cooperative Industrial Area Mathura Road,
_bNew Delhi
_e110044
300 _a261p.
_c22cm(Hb)
500 _aIncludes bibliographical references and index
650 _a Rural electrification
_zIndia.
650 _a Energy development
_zIndia.
650 _a Renewable energy sources
_z India.
650 _a Energy policy
_zIndia.
650 _a Rural development
_zIndia.
700 _aGupta, Deepak
942 _2ddc
_cEN
_mMAI
_h333.7932
999 _c93712
_d93712